Catálogo

Marketing en redes sociales / (Registro nro. 70527)

Detalles MARC
000 -LEADER
fixed length control field 01327nam a2200349 i 4500
001 - CONTROL NUMBER
control field 70527
003 - CONTROL NUMBER IDENTIFIER
control field Mx-PuUPA
005 - DATE AND TIME OF LATEST TRANSACTION
control field 20230828095319.0
008 - FIXED-LENGTH DATA ELEMENTS--GENERAL INFORMATION
fixed length control field 230825s2022 mx ad gr 000 0 spa d
020 ## - INTERNATIONAL STANDARD BOOK NUMBER
International Standard Book Number 9786075388489
040 ## - CATALOGING SOURCE
Original cataloging agency Mx-PuUPA
Language of cataloging spa
Transcribing agency Mx-PuUPA
Modifying agency Mx-PuUPA
Description conventions rda
041 0# - LANGUAGE CODE
Language code of text/sound track or separate title spa
100 1# - MAIN ENTRY--PERSONAL NAME
Personal name Sicilia Piñero, María,
9 (RLIN) 14714
Relator term autor
245 10 - TITLE STATEMENT
Title Marketing en redes sociales /
Statement of responsibility, etc. María Sicilia Piñero, Mariola Palazón Vidal, Inés López López, Manuela López Pérez
250 ## - EDITION STATEMENT
Edition statement Primera edición /
Remainder of edition statement marzo
264 #1 - PRODUCTION, PUBLICATION, DISTRIBUTION, MANUFACTURE, AND COPYRIGHT NOTICE
Place of production, publication, distribution, manufacture Ciudad de México :
Name of producer, publisher, distributor, manufacturer Alfaomega Grupo Editor,
Date of production, publication, distribution, manufacture, or copyright notice 2022
300 ## - PHYSICAL DESCRIPTION
Extent 260 páginas :
Other physical details ilustraciones, tablas ;
Dimensions 23 cm
336 ## - CONTENT TYPE
Fuente rdacontent
Content type term texto
Content type code txt
337 ## - MEDIA TYPE
Source rdamedia
Media type term sin medio
Media type code n
338 ## - CARRIER TYPE
Source rdacarrier
Carrier type term volumen
Carrier type code nc
650 #7 - SUBJECT ADDED ENTRY--TOPICAL TERM
Source of heading or term armarc
Topical term or geographic name entry element Mercadeo en internet
650 #7 - SUBJECT ADDED ENTRY--TOPICAL TERM
Source of heading or term armarc
Topical term or geographic name entry element Redes sociales en internet
General subdivision Técnicas de mercadeo
650 #7 - SUBJECT ADDED ENTRY--TOPICAL TERM
Source of heading or term armarc
Topical term or geographic name entry element Telemercadeo
700 1# - ADDED ENTRY--PERSONAL NAME
Personal name Palazón Vidal, Mariola,
Relator term autor
700 1# - ADDED ENTRY--PERSONAL NAME
Personal name López López, Inés,
Relator term autor
700 1# - ADDED ENTRY--PERSONAL NAME
Personal name López Pérez, Manuela,
Relator term autor
942 ## - ADDED ENTRY ELEMENTS (KOHA)
Source of classification or shelving scheme Dewey Decimal Classification
Koha item type Libro
Classification part 658.872
Item part S565
Existencias
Withdrawn status Lost status Source of classification or shelving scheme Damaged status Not for loan Collection code Home library Current library Shelving location Date acquired Source of acquisition Cost, normal purchase price Total Checkouts Total Renewals Full call number Barcode Date last seen Date last checked out Cost, replacement price Price effective from Koha item type
    Dewey Decimal Classification     General Biblioteca Karol Wojtyla Biblioteca Karol Wojtyla Sala general 20/07/2023 1 348.00 2 1 658.872 S565 2022 103650 05/01/2026 11/04/2025 348.00 20/07/2023 Libro